[Event "Barcelona IM 14th"]
[Site "Barcelona"]
[Date "2021.05.07"]
[Round "5"]
[White "Ryan, Joseph"]
[Black "Benedetti, Julio"]
[Result "0-1"]
[WhiteElo "2271"]
[BlackElo "2310"]
[PlyCount "94"]
[EventDate "2021.05.03"]
[EventType "tourn"]
[EventRounds "9"]
[EventCountry "ESP"]
[EventCategory "3"]
[SourceTitle "CBM 202 Extra"]
[Source "ChessBase"]
[SourceDate "2021.07.31"]
[SourceVersion "1"]
[SourceVersionDate "2021.07.31"]
[SourceQuality "1"]

1. Nf3 d5 2. c4 dxc4 3. Na3 a6 4. Nxc4 b5 5. Nce5 f6 6. Nd3 e5 7. e4 Qd7 8. Nh4 g6 9. Qe2 Nc6 10. Nf3 Bb7 11. b3 Nd8 12. Bb2 Ne6 13. g3 Rd8 14. Nc1 Qc6 15. Bg2 Qxe4 16. 0-0 Bh6 17. Qxe4 Bxe4 18. d3 Bd5 19. Re1 Ne7 20. Rd1 Nc6 21. Ne2 Nb4 22. Ne1 c5 23. f4 Bxg2 24. Kxg2 Nd5 25. Kf3 0-0 26. Ng2 Rd7 27. Rd2 Rfd8 28. Rad1 Nb4 29. Ne1 Nxa2 30. Bxe5 fxe5 31. Rxa2 exf4 32. Rxa6 Ng5+ 33. Kxf4 Nh3+ 34. Kf3 Rf8+ 35. Kg2 Nf2 36. Rda1 Nxd3 37. Nf3 Re7 38. Neg1 b4 39. Ra8 Nc1 40. Rxf8+ Kxf8 41. Rb1 Ke8 42. h4 Be3 43. Rb2 Bxg1 44. Nxg1 Re3 45. Rc2 Rc3 46. Rxc3 bxc3 47. Nf3 Nd3 0-1